00685pam a2200229 i 4500001000500000005001700005020001800022040002300040050001400063082001100077100001800088245003500106250002800141260003600169300004600205490003200251505000800283520010500291521002000396521002000416650001900436291120240123105405.0 a9780064440417 aDLCbengcDLCdDLC00aPZ7.L779500a813.541 aLobel, Arnold10aMouse soup /cby Arnold Lobel. aFirst published in 1977 aNew York :bHarper & Row,c1977 a64 pages :bcolor illustrations ;c23 cm.0 aAn I can read bookvBook 2  aH  aA mouse convinces a weasel he needs the ingredients from several stories to make a tasty mouse soup. a430 bLexile  aH bRaz-Plus  1aMicevFiction.